000 00346nam a2200133Ia 4500
008 240624s9999 xx 000 0 und d
041 _aeng
082 _a301.36 MOH
100 _aMOHANTY PRASANNA K
245 _aCITIES AND PUBLIC POLICY AN URBAN AGENDA
260 _c2014
_aNew Delhi
_bSage
300 _axvii, 333 p.; 23 cm.
365 _cRS
_b32
999 _c29875
_d29875